All Minecraft Blocks and Items (1.17) - Statistics

General Stats
  • This quiz has been taken 475 times
  • The average score is 200 of 1240
Answer Stats
Item ID Name % Correct
minecraft:dirt Dirt
80%
minecraft:stone Stone
77%
minecraft:grass Grass
73%
minecraft:cobblestone Cobblestone
72%
minecraft:diamond Diamond
69%
minecraft:lava Lava
60%
minecraft:water Water
60%
minecraft:redstone Redstone
57%
minecraft:coal Coal
53%
minecraft:sand Sand
51%
minecraft:oak_wood Oak Wood
50%
minecraft:iron_ore Iron Ore
49%
minecraft:oak_planks Oak Planks
49%
minecraft:air Air
48%
minecraft:emerald Emerald
48%
minecraft:gold_ore Gold Ore
47%
minecraft:oak_door Oak Door
47%
minecraft:glass Glass
46%
minecraft:leather Leather
46%
minecraft:diamond_ore Diamond Ore
45%
minecraft:iron_ingot Iron Ingot
45%
minecraft:chest Chest
44%
minecraft:gold_ingot Gold Ingot
44%
minecraft:granite Granite
44%
minecraft:oak_fence Oak Fence
44%
minecraft:oak_log Oak Log
44%
minecraft:obsidian Obsidian
44%
minecraft:white_wool White Wool
44%
minecraft:bucket Bucket
43%
minecraft:crafting_table Crafting Table
43%
minecraft:diamond_sword Diamond Sword
43%
minecraft:lava_bucket Lava Bucket
43%
minecraft:stick Stick
43%
minecraft:water_bucket Water Bucket
43%
minecraft:andesite Andesite
42%
minecraft:book Book
42%
minecraft:oak_stairs Oak Stairs
42%
minecraft:red_wool Red Wool
42%
minecraft:birch_wood Birch Wood
41%
minecraft:diamond_axe Diamond Axe
41%
minecraft:gravel Gravel
41%
minecraft:lapis_lazuli Lapis Lazuli
41%
minecraft:netherrack Netherrack
41%
minecraft:sandstone Sandstone
41%
minecraft:birch_door Birch Door
40%
minecraft:birch_planks Birch Planks
40%
minecraft:black_wool Black Wool
40%
minecraft:blue_wool Blue Wool
40%
minecraft:bow Bow
40%
minecraft:carrot Carrot
40%
minecraft:diamond_pickaxe Diamond Pickaxe
40%
minecraft:diorite Diorite
40%
minecraft:fire Fire
40%
minecraft:furnace Furnace
40%
minecraft:green_wool Green Wool
40%
minecraft:iron_sword Iron Sword
40%
minecraft:jungle_planks Jungle Planks
40%
minecraft:oak_leaves Oak Leaves
40%
minecraft:wheat Wheat
40%
minecraft:bone Bone
39%
minecraft:brick Brick
39%
minecraft:coal_ore Coal Ore
39%
minecraft:diamond_boots Diamond Boots
39%
minecraft:diamond_helmet Diamond Helmet
39%
minecraft:pink_wool Pink Wool
39%
minecraft:torch Torch
39%
minecraft:yellow_wool Yellow Wool
39%
minecraft:acacia_planks Acacia Planks
38%
minecraft:apple Apple
38%
minecraft:dark_oak_planks Dark Oak Planks
38%
minecraft:diamond_hoe Diamond Hoe
38%
minecraft:iron_boots Iron Boots
38%
minecraft:oak_slab Oak Slab
38%
minecraft:pumpkin Pumpkin
38%
minecraft:spruce_planks Spruce Planks
38%
minecraft:wooden_sword Wooden Sword
38%
minecraft:arrow Arrow
37%
minecraft:bedrock Bedrock
37%
minecraft:birch_fence Birch Fence
37%
minecraft:birch_log Birch Log
37%
minecraft:chain Chain
37%
minecraft:iron_axe Iron Axe
37%
minecraft:iron_chestplate Iron Chestplate
37%
minecraft:iron_helmet Iron Helmet
37%
minecraft:iron_hoe Iron Hoe
37%
minecraft:iron_pickaxe Iron Pickaxe
37%
minecraft:jungle_door Jungle Door
37%
minecraft:orange_wool Orange Wool
37%
minecraft:snow Snow
37%
minecraft:wooden_axe Wooden Axe
37%
minecraft:wooden_pickaxe Wooden Pickaxe
37%
minecraft:acacia_log Acacia Log
36%
minecraft:birch_leaves Birch Leaves
36%
minecraft:diamond_block Block of Diamond
36%
minecraft:gold_block Block of Gold
36%
minecraft:iron_block Block of Iron
36%
minecraft:dark_oak_door Dark Oak Door
36%
minecraft:dark_oak_log Dark Oak Log
36%
minecraft:diamond_chestplate Diamond Chestplate
36%
minecraft:diamond_shovel Diamond Shovel
36%
minecraft:end_stone End Stone
36%
minecraft:flint Flint
36%
minecraft:golden_apple Golden Apple
36%
minecraft:potato Potato
36%
minecraft:purple_wool Purple Wool
36%
minecraft:redstone_ore Redstone Ore
36%
minecraft:stone_bricks Stone Bricks
36%
minecraft:wooden_hoe Wooden Hoe
36%
minecraft:emerald_ore Emerald Ore
35%
minecraft:grass_block Grass Block
35%
minecraft:milk_bucket Milk Bucket
35%
minecraft:polished_andesite Polished Andesite
35%
minecraft:soul_sand Soul Sand
35%
minecraft:stone_pickaxe Stone Pickaxe
35%
minecraft:stone_sword Stone Sword
35%
minecraft:acacia_door Acacia Door
34%
minecraft:birch_stairs Birch Stairs
34%
minecraft:dark_oak_fence Dark Oak Fence
34%
minecraft:egg Egg
34%
minecraft:golden_sword Golden Sword
34%
minecraft:gray_wool Gray Wool
34%
minecraft:iron_shovel Iron Shovel
34%
minecraft:jungle_leaves Jungle Leaves
34%
minecraft:jungle_log Jungle Log
34%
minecraft:jungle_wood Jungle Wood
34%
minecraft:lime_wool Lime Wool
34%
minecraft:nether_brick Nether Brick
34%
minecraft:oak_trapdoor Oak Trapdoor
34%
minecraft:polished_diorite Polished Diorite
34%
minecraft:polished_granite Polished Granite
34%
minecraft:potion Potion
34%
minecraft:spruce_door Spruce Door
34%
minecraft:spruce_fence Spruce Fence
34%
minecraft:spruce_log Spruce Log
34%
minecraft:spruce_stairs Spruce Stairs
34%
minecraft:wooden_shovel Wooden Shovel
34%
minecraft:acacia_fence Acacia Fence
33%
minecraft:acacia_leaves Acacia Leaves
33%
minecraft:acacia_wood Acacia Wood
33%
minecraft:brown_wool Brown Wool
33%
minecraft:dark_oak_stairs Dark Oak Stairs
33%
minecraft:dark_oak_wood Dark Oak Wood
33%
minecraft:deepslate Deepslate
33%
minecraft:diamond_leggings Diamond Leggings
33%
minecraft:ender_pearl Ender Pearl
33%
minecraft:golden_axe Golden Axe
33%
minecraft:golden_hoe Golden Hoe
33%
minecraft:golden_pickaxe Golden Pickaxe
33%
minecraft:jungle_fence Jungle Fence
33%
minecraft:leather_boots Leather Boots
33%
minecraft:beef Raw Beef
33%
minecraft:spruce_wood Spruce Wood
33%
minecraft:stone_axe Stone Axe
33%
minecraft:sugar Sugar
33%
minecraft:sugar_cane Sugar Cane
33%
minecraft:ancient_debris Ancient Debris
32%
minecraft:birch_slab Birch Slab
32%
minecraft:bookshelf Bookshelf
32%
minecraft:cake Cake
32%
minecraft:dark_oak_leaves Dark Oak Leaves
32%
minecraft:dark_oak_slab Dark Oak Slab
32%
minecraft:golden_boots Golden Boots
32%
minecraft:jungle_stairs Jungle Stairs
32%
minecraft:redstone_torch Redstone Torch
32%
minecraft:spruce_leaves Spruce Leaves
32%
minecraft:cooked_beef Steak
32%
minecraft:stone_hoe Stone Hoe
32%
minecraft:blaze_rod Blaze Rod
31%
minecraft:enchanting_table Enchanting Table
31%
minecraft:glowstone Glowstone
31%
minecraft:golden_chestplate Golden Chestplate
31%
minecraft:golden_helmet Golden Helmet
31%
minecraft:golden_shovel Golden Shovel
31%
minecraft:iron_leggings Iron Leggings
31%
minecraft:jungle_slab Jungle Slab
31%
minecraft:netherite_ingot Netherite Ingot
31%
minecraft:netherite_sword Netherite Sword
31%
minecraft:oak_button Oak Button
31%
minecraft:chicken Raw Chicken
31%
minecraft:red_bed Red Bed
31%
minecraft:rotten_flesh Rotten Flesh
31%
minecraft:stone_shovel Stone Shovel
31%
minecraft:tall_grass Tall Grass
31%
minecraft:acacia_stairs Acacia Stairs
30%
minecraft:beetroot Beetroot
30%
minecraft:birch_trapdoor Birch Trapdoor
30%
minecraft:coal_block Block of Coal
30%
minecraft:cobblestone_stairs Cobblestone Stairs
30%
minecraft:cooked_chicken Cooked Chicken
30%
minecraft:cooked_porkchop Cooked Porkchop
30%
minecraft:cyan_wool Cyan Wool
30%
minecraft:flint_and_steel Flint and Steel
30%
minecraft:glass_pane Glass Pane
30%
minecraft:jungle_trapdoor Jungle Trapdoor
30%
minecraft:light_blue_wool Light Blue Wool
30%
minecraft:magenta_wool Magenta Wool
30%
minecraft:melon Melon
30%
minecraft:minecart Minecart
30%
minecraft:mossy_cobblestone Mossy Cobblestone
30%
minecraft:netherite_axe Netherite Axe
30%
minecraft:oak_fence_gate Oak Fence Gate
30%
minecraft:oak_sapling Oak Sapling
30%
minecraft:red_mushroom Red Mushroom
30%
minecraft:smooth_stone Smooth Stone
30%
minecraft:spruce_slab Spruce Slab
30%
minecraft:acacia_slab Acacia Slab
29%
minecraft:emerald_block Block of Emerald
29%
minecraft:redstone_block Block of Redstone
29%
minecraft:brown_mushroom Brown Mushroom
29%
minecraft:clay | minecraft:clay_ball Clay
29%
minecraft:gunpowder Gunpowder
29%
minecraft:lapis_ore Lapis Lazuli Ore
29%
minecraft:netherite_chestplate Netherite Chestplate
29%
minecraft:netherite_pickaxe Netherite Pickaxe
29%
minecraft:shulker_box Shulker Box
29%
minecraft:slime_ball Slimeball
29%
minecraft:spruce_trapdoor Spruce Trapdoor
29%
minecraft:stone_slab Stone Slab
29%
minecraft:string String
29%
minecraft:tnt TNT
29%
minecraft:acacia_trapdoor Acacia Trapdoor
28%
minecraft:birch_button Birch Button
28%
minecraft:copper_ore Copper Ore
28%
minecraft:enchanted_golden_apple Enchanted Golden Apple
28%
minecraft:gold_nugget Gold Nugget
28%
minecraft:iron_door Iron Door
28%
minecraft:iron_nugget Iron Nugget
28%
minecraft:light_gray_wool Light Gray Wool
28%
minecraft:netherite_boots Netherite Boots
28%
minecraft:netherite_helmet Netherite Helmet
28%
minecraft:netherite_hoe Netherite Hoe
28%
minecraft:netherite_shovel Netherite Shovel
28%
minecraft:pufferfish Pufferfish
28%
minecraft:rail Rail
28%
minecraft:salmon Raw Salmon
28%
minecraft:tropical_fish Tropical Fish
28%
minecraft:white_bed White Bed
28%
minecraft:acacia_button Acacia Button
27%
minecraft:anvil Anvil
27%
minecraft:beetroots Beetroots
27%
minecraft:birch_fence_gate Birch Fence Gate
27%
minecraft:blue_bed Blue Bed
27%
minecraft:bone_meal Bone Meal
27%
minecraft:coarse_dirt Coarse Dirt
27%
minecraft:cooked_salmon Cooked Salmon
27%
minecraft:dark_oak_trapdoor Dark Oak Trapdoor
27%
minecraft:golden_carrot Golden Carrot
27%
minecraft:golden_leggings Golden Leggings
27%
minecraft:poppy Poppy
27%
minecraft:cod Raw Cod
27%
minecraft:raw_iron Raw Iron
27%
minecraft:porkchop Raw Porkchop
27%
minecraft:red_sand Red Sand
27%
minecraft:spider_eye Spider Eye
27%
minecraft:stone_stairs Stone Stairs
27%
minecraft:beacon Beacon
26%
minecraft:birch_sapling Birch Sapling
26%
minecraft:blast_furnace Blast Furnace
26%
minecraft:bread Bread
26%
minecraft:charcoal Charcoal
26%
minecraft:cobblestone_slab Cobblestone Slab
26%
minecraft:cooked_cod Cooked Cod
26%
minecraft:dark_oak_button Dark Oak Button
26%
minecraft:enchanted_book Enchanted Book
26%
minecraft:ender_eye Eye of Ender
26%
minecraft:fishing_rod Fishing Rod
26%
minecraft:green_bed Green Bed
26%
minecraft:jungle_button Jungle Button
26%
minecraft:netherite_leggings Netherite Leggings
26%
minecraft:orange_bed Orange Bed
26%
minecraft:paper Paper
26%
minecraft:piston Piston
26%
minecraft:repeater Redstone Repeater
26%
minecraft:slime_block Slime Block
26%
minecraft:spruce_button Spruce Button
26%
minecraft:blackstone Blackstone
25%
minecraft:blue_dye Blue Dye
25%
minecraft:brewing_stand Brewing Stand
25%
minecraft:bricks Bricks
25%
minecraft:cactus Cactus
25%
minecraft:dark_oak_sapling Dark Oak Sapling
25%
minecraft:ink_sac Ink Sac
25%
minecraft:oak_boat Oak Boat
25%
minecraft:red_dye Red Dye
25%
minecraft:spruce_sapling Spruce Sapling
25%
minecraft:wheat_seeds Wheat Seeds
25%
minecraft:black_bed Black Bed
24%
minecraft:cooked_mutton Cooked Mutton
24%
minecraft:copper_ingot Copper Ingot
24%
minecraft:crossbow Crossbow
24%
minecraft:dark_oak_fence_gate Dark Oak Fence Gate
24%
minecraft:end_portal End Portal
24%
minecraft:green_dye Green Dye
24%
minecraft:ice Ice
24%
minecraft:jungle_sapling Jungle Sapling
24%
minecraft:nether_bricks Nether Bricks
24%
minecraft:raw_gold Raw Gold
24%
minecraft:mutton Raw Mutton
24%
minecraft:spruce_fence_gate Spruce Fence Gate
24%
minecraft:terracotta Terracotta
24%
minecraft:trapped_chest Trapped Chest
24%
minecraft:yellow_bed Yellow Bed
24%
minecraft:acacia_fence_gate Acacia Fence Gate
23%
minecraft:acacia_sapling Acacia Sapling
23%
minecraft:bone_block Bone Block
23%
minecraft:cauldron Cauldron
23%
minecraft:cobblestone_wall Cobblestone Wall
23%
minecraft:command_block Command Block
23%
minecraft:dragon_egg Dragon Egg
23%
minecraft:elytra Elytra
23%
minecraft:ender_chest Ender Chest
23%
minecraft:jungle_fence_gate Jungle Fence Gate
23%
minecraft:lantern Lantern
23%
minecraft:lapis_block Lapis Lazuli Block
23%
minecraft:leather_leggings Leather Pants
23%
minecraft:lever Lever
23%
minecraft:nether_wart Nether Wart
23%
minecraft:oak_pressure_plate Oak Pressure Plate
23%
minecraft:pink_bed Pink Bed
23%
minecraft:podzol Podzol
23%
minecraft:prismarine Prismarine
23%
minecraft:red_sandstone Red Sandstone
23%
minecraft:saddle Saddle
23%
minecraft:smoker Smoker
23%
minecraft:spawner Spawner
23%
minecraft:trident Trident
23%
minecraft:white_dye White Dye
23%
minecraft:yellow_dye Yellow Dye
23%
minecraft:black_dye Black Dye
22%
minecraft:netherite_block Block of Netherite
22%
minecraft:blue_stained_glass Blue Stained Glass
22%
minecraft:campfire Campfire
22%
minecraft:chainmail_helmet Chainmail Helmet
22%
minecraft:iron_bars Iron Bars
22%
minecraft:quartz Nether Quartz
22%
minecraft:pink_dye Pink Dye
22%
minecraft:red_stained_glass Red Stained Glass
22%
minecraft:snowball Snowball
22%
minecraft:snow_block Snow Block
22%
minecraft:sticky_piston Sticky Piston
22%
minecraft:vine Vines
22%
minecraft:wither_skeleton_skull Wither Skeleton Skull
22%
minecraft:acacia_boat Acacia Boat
21%
minecraft:bamboo Bamboo
21%
minecraft:birch_pressure_plate Birch Pressure Plate
21%
minecraft:blaze_powder Blaze Powder
21%
minecraft:copper_block Block of Copper
21%
minecraft:chainmail_boots Chainmail Boots
21%
minecraft:chainmail_chestplate Chainmail Chestplate
21%
minecraft:cooked_rabbit Cooked Rabbit
21%
minecraft:creeper_head Creeper Head
21%
minecraft:cyan_bed Cyan Bed
21%
minecraft:dandelion Dandelion
21%
minecraft:feather Feather
21%
minecraft:gray_bed Gray Bed
21%
minecraft:jack_o_lantern Jack o'Lantern
21%
minecraft:kelp Kelp
21%
minecraft:ladder Ladder
21%
minecraft:leather_helmet Leather Cap
21%
minecraft:lime_bed Lime Bed
21%
minecraft:mossy_stone_bricks Mossy Stone Bricks
21%
minecraft:orange_dye Orange Dye
21%
minecraft:orange_stained_glass Orange Stained Glass
21%
minecraft:purple_bed Purple Bed
21%
minecraft:rabbit Raw Rabbit
21%
minecraft:red_terracotta Red Terracotta
21%
minecraft:soul_soil Soul Soil
21%
minecraft:spruce_boat Spruce Boat
21%
minecraft:white_concrete White Concrete
21%
minecraft:zombie_head Zombie Head
21%
minecraft:zombie_spawn_egg Zombie Spawn Egg
21%
minecraft:acacia_pressure_plate Acacia Pressure Plate
20%
minecraft:baked_potato Baked Potato
20%
minecraft:birch_boat Birch Boat
20%
minecraft:black_carpet Black Carpet
20%
minecraft:black_concrete Black Concrete
20%
minecraft:black_stained_glass Black Stained Glass
20%
minecraft:blue_concrete Blue Concrete
20%
minecraft:blue_terracotta Blue Terracotta
20%
minecraft:brown_bed Brown Bed
20%
minecraft:chicken_spawn_egg Chicken Spawn Egg
20%
minecraft:cow_spawn_egg Cow Spawn Egg
20%
minecraft:crying_obsidian Crying Obsidian
20%
minecraft:dark_oak_boat Dark Oak Boat
20%
minecraft:dispenser Dispenser
20%
minecraft:ghast_tear Ghast Tear
20%
minecraft:glass_bottle Glass Bottle
20%
minecraft:green_stained_glass Green Stained Glass
20%
minecraft:honey_block Honey Block
20%
minecraft:hopper Hopper
20%
minecraft:jungle_boat Jungle Boat
20%
minecraft:leather_chestplate Leather Tunic
20%
minecraft:light_blue_bed Light Blue Bed
20%
minecraft:lime_dye Lime Dye
20%
minecraft:magenta_bed Magenta Bed
20%
minecraft:mushroom_stew Mushroom Stew
20%
minecraft:nether_brick_fence Nether Brick Fence
20%
minecraft:orange_terracotta Orange Terracotta
20%
minecraft:powered_rail Powered Rail
20%
minecraft:pumpkin_seeds Pumpkin Seeds
20%
minecraft:purple_dye Purple Dye
20%
minecraft:red_carpet Red Carpet
20%
minecraft:shears Shears
20%
minecraft:shield Shield
20%
minecraft:stone_button Stone Button
20%
minecraft:potion{Potion:water} Water Bottle
20%
minecraft:white_carpet White Carpet
20%
minecraft:white_stained_glass White Stained Glass
20%
minecraft:yellow_stained_glass Yellow Stained Glass
20%
minecraft:yellow_terracotta Yellow Terracotta
20%
minecraft:barrier Barrier
19%
minecraft:beehive Beehive
19%
minecraft:beetroot_seeds Beetroot Seeds
19%
minecraft:black_terracotta Black Terracotta
19%
minecraft:quartz_block Block of Quartz
19%
minecraft:blue_carpet Blue Carpet
19%
minecraft:brown_dye Brown Dye
19%
minecraft:chainmail_leggings Chainmail Leggings
19%
minecraft:chiseled_sandstone Chiseled Sandstone
19%
minecraft:cocoa Cocoa
19%
minecraft:cookie Cookie
19%
minecraft:cyan_dye Cyan Dye
19%
minecraft:dark_oak_pressure_plate Dark Oak Pressure Plate
19%
minecraft:gray_dye Gray Dye
19%
minecraft:green_carpet Green Carpet
19%
minecraft:green_terracotta Green Terracotta
19%
minecraft:item_frame Item Frame
19%
minecraft:jungle_pressure_plate Jungle Pressure Plate
19%
minecraft:magenta_dye Magenta Dye
19%
minecraft:magma_block Magma Block
19%
minecraft:filled_map Map
19%
minecraft:netherite_scrap Netherite Scrap
19%
minecraft:pink_stained_glass Pink Stained Glass
19%
minecraft:purple_stained_glass Purple Stained Glass
19%
minecraft:purple_terracotta Purple Terracotta
19%
minecraft:purpur_block Purpur Block
19%
minecraft:raw_copper Raw Copper
19%
minecraft:red_concrete Red Concrete
19%
minecraft:sandstone_slab Sandstone Slab
19%
minecraft:smooth_stone_slab Smooth Stone Slab
19%
minecraft:spruce_pressure_plate Spruce Pressure Plate
19%
minecraft:blue_stained_glass_pane Blue Stained Glass Pane
18%
minecraft:brown_stained_glass Brown Stained Glass
18%
minecraft:clock Clock
18%
minecraft:cobbled_deepslate Cobbled Deepslate
18%
minecraft:cyan_stained_glass Cyan Stained Glass
18%
minecraft:dropper Dropper
18%
minecraft:end_rod End Rod
18%
minecraft:fern Fern
18%
minecraft:glowstone_dust Glowstone Dust
18%
minecraft:gray_concrete Gray Concrete
18%
minecraft:green_concrete Green Concrete
18%
minecraft:honey_bottle Honey Bottle
18%
minecraft:light_gray_bed Light Gray Bed
18%
minecraft:lime_stained_glass Lime Stained Glass
18%
minecraft:magma_cream Magma Cream
18%
minecraft:mycelium Mycelium
18%
minecraft:nether_brick_stairs Nether Brick Stairs
18%
minecraft:oak_sign Oak Sign
18%
minecraft:orange_carpet Orange Carpet
18%
minecraft:pink_carpet Pink Carpet
18%
minecraft:red_stained_glass_pane Red Stained Glass Pane
18%
minecraft:comparator Redstone Comparator
18%
minecraft:sandstone_stairs Sandstone Stairs
18%
minecraft:smithing_table Smithing Table
18%
minecraft:stripped_birch_log Stripped Birch Log
18%
minecraft:stripped_oak_log Stripped Oak Log
18%
minecraft:sunflower Sunflower
18%
minecraft:white_terracotta White Terracotta
18%
minecraft:yellow_carpet Yellow Carpet
18%
minecraft:yellow_concrete Yellow Concrete
18%
minecraft:armor_stand Armor Stand
17%
minecraft:birch_sign Birch Sign
17%
minecraft:brown_terracotta Brown Terracotta
17%
minecraft:carved_pumpkin Carved Pumpkin
17%
minecraft:cobweb Cobweb
17%
minecraft:compass Compass
17%
minecraft:creeper_spawn_egg Creeper Spawn Egg
17%
minecraft:crimson_planks Crimson Planks
17%
minecraft:dark_oak_sign Dark Oak Sign
17%
minecraft:end_portal_frame End Portal Frame
17%
minecraft:end_stone_bricks End Stone Bricks
17%
minecraft:gray_carpet Gray Carpet
17%
minecraft:gray_stained_glass Gray Stained Glass
17%
minecraft:green_stained_glass_pane Green Stained Glass Pane
17%
minecraft:hay_block Hay Bale
17%
minecraft:honeycomb Honeycomb
17%
minecraft:horse_spawn_egg Horse Spawn Egg
17%
minecraft:jungle_sign Jungle Sign
17%
minecraft:light_blue_stained_glass Light Blue Stained Glass
17%
minecraft:light_gray_stained_glass Light Gray Stained Glass
17%
minecraft:lime_terracotta Lime Terracotta
17%
minecraft:melon_seeds Melon Seeds
17%
minecraft:nether_quartz_ore Nether Quartz Ore
17%
minecraft:nether_star Nether Star
17%
minecraft:observer Observer
17%
minecraft:orange_concrete Orange Concrete
17%
minecraft:orange_stained_glass_pane Orange Stained Glass Pane
17%
minecraft:packed_ice Packed Ice
17%
minecraft:pig_spawn_egg Pig Spawn Egg
17%
minecraft:pink_concrete Pink Concrete
17%
minecraft:pink_terracotta Pink Terracotta
17%
minecraft:purple_carpet Purple Carpet
17%
minecraft:purple_concrete Purple Concrete
17%
minecraft:rose_bush Rose Bush
17%
minecraft:shulker_shell Shulker Shell
17%
minecraft:skeleton_spawn_egg Skeleton Spawn Egg
17%
minecraft:smooth_sandstone Smooth Sandstone
17%
minecraft:soul_torch Soul Torch
17%
minecraft:sponge Sponge
17%
minecraft:stripped_acacia_log Stripped Acacia Log
17%
minecraft:stripped_spruce_log Stripped Spruce Log
17%
minecraft:warped_planks Warped Planks
17%
minecraft:barrel Barrel
16%
minecraft:basalt Basalt
16%
minecraft:black_stained_glass_pane Black Stained Glass Pane
16%
minecraft:blue_ice Blue Ice
16%
minecraft:bowl Bowl
16%
minecraft:brown_carpet Brown Carpet
16%
minecraft:brown_concrete Brown Concrete
16%
minecraft:cod_bucket Bucket of Cod
16%
minecraft:salmon_bucket Bucket of Salmon
16%
minecraft:tropical_fish_bucket Bucket of Tropical Fish
16%
minecraft:cracked_stone_bricks Cracked Stone Bricks
16%
minecraft:crimson_door Crimson Door
16%
minecraft:cyan_carpet Cyan Carpet
16%
minecraft:cyan_terracotta Cyan Terracotta
16%
minecraft:diamond_horse_armor Diamond Horse Armor
16%
minecraft:dried_kelp Dried Kelp
16%
minecraft:enderman_spawn_egg Enderman Spawn Egg
16%
minecraft:fermented_spider_eye Fermented Spider Eye
16%
minecraft:flower_pot Flower Pot
16%
minecraft:gray_terracotta Gray Terracotta
16%
minecraft:light_blue_carpet Light Blue Carpet
16%
minecraft:light_blue_dye Light Blue Dye
16%
minecraft:light_blue_terracotta Light Blue Terracotta
16%
minecraft:lily_pad Lily Pad
16%
minecraft:lime_carpet Lime Carpet
16%
minecraft:lime_concrete Lime Concrete
16%
minecraft:magenta_stained_glass Magenta Stained Glass
16%
minecraft:nether_brick_slab Nether Brick Slab
16%
minecraft:nether_gold_ore Nether Gold Ore
16%
minecraft:nether_portal Nether Portal
16%
minecraft:orange_tulip Orange Tulip
16%
minecraft:pink_stained_glass_pane Pink Stained Glass Pane
16%
minecraft:poisonous_potato Poisonous Potato
16%
minecraft:pumpkin_pie Pumpkin Pie
16%
minecraft:rabbit_stew Rabbit Stew
16%
minecraft:red_tulip Red Tulip
16%
minecraft:sheep_spawn_egg Sheep Spawn Egg
16%
minecraft:skeleton_skull Skeleton Skull
16%
minecraft:splash_potion Splash Potion
16%
minecraft:spruce_sign Spruce Sign
16%
minecraft:stone_brick_stairs Stone Brick Stairs
16%
minecraft:stripped_dark_oak_log Stripped Dark Oak Log
16%
minecraft:stripped_jungle_log Stripped Jungle Log
16%
minecraft:turtle_egg Turtle Egg
16%
minecraft:villager_spawn_egg Villager Spawn Egg
16%
minecraft:white_stained_glass_pane White Stained Glass Pane
16%
minecraft:wolf_spawn_egg Wolf Spawn Egg
16%
minecraft:yellow_stained_glass_pane Yellow Stained Glass Pane
16%
minecraft:acacia_sign Acacia Sign
15%
minecraft:andesite_stairs Andesite Stairs
15%
minecraft:blaze_spawn_egg Blaze Spawn Egg
15%
minecraft:writable_book Book and Quill
15%
minecraft:brick_stairs Brick Stairs
15%
minecraft:brown_mushroom_block Brown Mushroom Block
15%
minecraft:pufferfish_bucket Bucket of Pufferfish
15%
minecraft:dead_bush Dead Bush
15%
minecraft:end_crystal End Crystal
15%
minecraft:granite_stairs Granite Stairs
15%
minecraft:iron_horse_armor Iron Horse Armor
15%
minecraft:iron_trapdoor Iron Trapdoor
15%
minecraft:jukebox Jukebox
15%
minecraft:lead Lead
15%
minecraft:light_blue_concrete Light Blue Concrete
15%
minecraft:light_gray_concrete Light Gray Concrete
15%
minecraft:light_gray_dye Light Gray Dye
15%
minecraft:light_gray_terracotta Light Gray Terracotta
15%
minecraft:lime_stained_glass_pane Lime Stained Glass Pane
15%
minecraft:magenta_carpet Magenta Carpet
15%
minecraft:magenta_terracotta Magenta Terracotta
15%
minecraft:melon_slice Melon Slice
15%
minecraft:purple_stained_glass_pane Purple Stained Glass Pane
15%
minecraft:redstone_wire Redstone Dust
15%
minecraft:redstone_lamp Redstone Lamp
15%
minecraft:sea_lantern Sea Lantern
15%
minecraft:stone_brick_slab Stone Brick Slab
15%
minecraft:turtle_helmet Turtle Shell
15%
minecraft:warped_door Warped Door
15%
minecraft:andesite_slab Andesite Slab
14%
minecraft:beetroot_soup Beetroot Soup
14%
minecraft:blue_banner Blue Banner
14%
minecraft:blue_concrete_powder Blue Concrete Powder
14%
minecraft:brick_slab Brick Slab
14%
minecraft:brown_stained_glass_pane Brown Stained Glass Pane
14%
minecraft:cat_spawn_egg Cat Spawn Egg
14%
minecraft:chiseled_red_sandstone Chiseled Red Sandstone
14%
minecraft:chiseled_stone_bricks Chiseled Stone Bricks
14%
minecraft:chorus_fruit Chorus Fruit
14%
minecraft:cocoa_beans Cocoa Beans
14%
minecraft:cornflower Cornflower
14%
minecraft:crimson_stairs Crimson Stairs
14%
minecraft:cyan_concrete Cyan Concrete
14%
minecraft:cyan_stained_glass_pane Cyan Stained Glass Pane
14%
minecraft:deepslate_coal_ore Deepslate Coal Ore
14%
minecraft:deepslate_diamond_ore Deepslate Diamond Ore
14%
minecraft:deepslate_gold_ore Deepslate Gold Ore
14%
minecraft:deepslate_iron_ore Deepslate Iron Ore
14%
minecraft:endermite_spawn_egg Endermite Spawn Egg
14%
minecraft:farmland Farmland
14%
minecraft:fletching_table Fletching Table
14%
minecraft:ghast_spawn_egg Ghast Spawn Egg
14%
minecraft:glow_ink_sac Glow Ink Sac
14%
minecraft:granite_slab Granite Slab
14%
minecraft:heart_of_the_sea Heart of the Sea
14%
minecraft:lectern Lectern
14%
minecraft:light_gray_carpet Light Gray Carpet
14%
minecraft:lightning_rod Lightning Rod
14%
minecraft:magenta_concrete Magenta Concrete
14%
minecraft:magenta_stained_glass_pane Magenta Stained Glass Pane
14%
minecraft:chest_minecart Minecart with Chest
14%
minecraft:painting Painting
14%
minecraft:polished_granite_slab Polished Granite Slab
14%
minecraft:polished_granite_stairs Polished Granite Stairs
14%
minecraft:purpur_slab Purpur Slab
14%
minecraft:purpur_stairs Purpur Stairs
14%
minecraft:red_mushroom_block Red Mushroom Block
14%
minecraft:smooth_quartz Smooth Quartz
14%
minecraft:stone_brick_wall Stone Brick Wall
14%
minecraft:stone_pressure_plate Stone Pressure Plate
14%
minecraft:stripped_birch_wood Stripped Birch Wood
14%
minecraft:stripped_dark_oak_wood Stripped Dark Oak Wood
14%
minecraft:stripped_jungle_wood Stripped Jungle Wood
14%
minecraft:stripped_oak_wood Stripped Oak Wood
14%
minecraft:stripped_spruce_wood Stripped Spruce Wood
14%
minecraft:tuff Tuff
14%
minecraft:wet_sponge Wet Sponge
14%
minecraft:white_banner White Banner
14%
minecraft:white_tulip White Tulip
14%
minecraft:wither_skeleton_spawn_egg Wither Skeleton Spawn Egg
14%
minecraft:andesite_wall Andesite Wall
13%
minecraft:black_banner Black Banner
13%
minecraft:blue_shulker_box Blue Shulker Box
13%
minecraft:axolotl_bucket Bucket of Axolotl
13%
minecraft:cod_spawn_egg Cod Spawn Egg
13%
minecraft:composter Composter
13%
minecraft:crimson_slab Crimson Slab
13%
minecraft:dark_prismarine Dark Prismarine
13%
minecraft:deepslate_emerald_ore Deepslate Emerald Ore
13%
minecraft:diorite_slab Diorite Slab
13%
minecraft:diorite_stairs Diorite Stairs
13%
minecraft:diorite_wall Diorite Wall
13%
minecraft:dragon_head Dragon Head
13%
minecraft:drowned_spawn_egg Drowned Spawn Egg
13%
minecraft:golden_horse_armor Golden Horse Armor
13%
minecraft:granite_wall Granite Wall
13%
minecraft:gray_stained_glass_pane Gray Stained Glass Pane
13%
minecraft:green_concrete_powder Green Concrete Powder
13%
minecraft:light_blue_stained_glass_pane Light Blue Stained Glass Pane
13%
minecraft:light_gray_stained_glass_pane Light Gray Stained Glass Pane
13%
minecraft:loom Loom
13%
minecraft:note_block Note Block
13%
minecraft:piglin_spawn_egg Piglin Spawn Egg
13%
minecraft:pink_banner Pink Banner
13%
minecraft:pink_tulip Pink Tulip
13%
minecraft:player_head Player Head
13%
minecraft:polished_andesite_slab Polished Andesite Slab
13%
minecraft:polished_andesite_stairs Polished Andesite Stairs
13%
minecraft:polished_diorite_slab Polished Diorite Slab
13%
minecraft:polished_diorite_stairs Polished Diorite Stairs
13%
minecraft:prismarine_shard Prismarine Shard
13%
minecraft:rabbit_hide Rabbit Hide
13%
minecraft:rabbit_foot Rabbit's Foot
13%
minecraft:red_banner Red Banner
13%
minecraft:red_concrete_powder Red Concrete Powder
13%
minecraft:red_shulker_box Red Shulker Box
13%
minecraft:seagrass Seagrass
13%
minecraft:stripped_acacia_wood Stripped Acacia Wood
13%
minecraft:warped_stairs Warped Stairs
13%
minecraft:white_concrete_powder White Concrete Powder
13%
minecraft:wither_rose Wither Rose
13%
minecraft:activator_rail Activator Rail
12%
minecraft:black_concrete_powder Black Concrete Powder
12%
minecraft:black_glazed_terracotta Black Glazed Terracotta
12%
minecraft:raw_iron_block Block of Raw Iron
12%
minecraft:brown_concrete_powder Brown Concrete Powder
12%
minecraft:crimson_fence Crimson Fence
12%
minecraft:deepslate_lapis_ore Deepslate Lapis Lazuli Ore
12%
minecraft:detector_rail Detector Rail
12%
minecraft:fire_charge Fire Charge
12%
minecraft:green_shulker_box Green Shulker Box
12%
minecraft:hoglin_spawn_egg Hoglin Spawn Egg
12%
minecraft:infested_stone Infested Stone
12%
minecraft:leather_horse_armor Leather Horse Armor
12%
minecraft:light_blue_concrete_powder Light Blue Concrete Powder
12%
minecraft:magenta_glazed_terracotta Magenta Glazed Terracotta
12%
minecraft:music_disc_pigstep Music Disc
12%
minecraft:ocelot_spawn_egg Ocelot Spawn Egg
12%
minecraft:orange_banner Orange Banner
12%
minecraft:orange_concrete_powder Orange Concrete Powder
12%
minecraft:orange_glazed_terracotta Orange Glazed Terracotta
12%
minecraft:pillager_spawn_egg Pillager Spawn Egg
12%
minecraft:pink_concrete_powder Pink Concrete Powder
12%
minecraft:purple_banner Purple Banner
12%
minecraft:purple_concrete_powder Purple Concrete Powder
12%
minecraft:red_glazed_terracotta Red Glazed Terracotta
12%
minecraft:red_sandstone_stairs Red Sandstone Stairs
12%
minecraft:salmon_spawn_egg Salmon Spawn Egg
12%
minecraft:slime_spawn_egg Slime Spawn Egg
12%
minecraft:spider_spawn_egg Spider Spawn Egg
12%
minecraft:tropical_fish_spawn_egg Tropical Fish Spawn Egg
12%
minecraft:warped_fence Warped Fence
12%
minecraft:warped_slab Warped Slab
12%
minecraft:white_glazed_terracotta White Glazed Terracotta
12%
minecraft:yellow_banner Yellow Banner
12%
minecraft:yellow_concrete_powder Yellow Concrete Powder
12%
minecraft:yellow_glazed_terracotta Yellow Glazed Terracotta
12%
minecraft:axolotl_spawn_egg Axolotl Spawn Egg
11%
minecraft:bee_nest Bee Nest
11%
minecraft:bee_spawn_egg Bee Spawn Egg
11%
minecraft:bell Bell
11%
minecraft:black_shulker_box Black Shulker Box
11%
minecraft:raw_copper_block Block of Raw Copper
11%
minecraft:raw_gold_block Block of Raw Gold
11%
minecraft:blue_glazed_terracotta Blue Glazed Terracotta
11%
minecraft:experience_bottle Bottle o' Enchanting
11%
minecraft:brown_glazed_terracotta Brown Glazed Terracotta
11%
minecraft:calcite Calcite
11%
minecraft:carrot_on_a_stick Carrot on a Stick
11%
minecraft:cartography_table Cartography Table
11%
minecraft:crimson_fence_gate Crimson Fence Gate
11%
minecraft:crimson_trapdoor Crimson Trapdoor
11%
minecraft:cyan_concrete_powder Cyan Concrete Powder
11%
minecraft:deepslate_redstone_ore Deepslate Redstone Ore
11%
minecraft:dried_kelp_block Dried Kelp Block
11%
minecraft:fox_spawn_egg Fox Spawn Egg
11%
minecraft:gray_banner Gray Banner
11%
minecraft:gray_concrete_powder Gray Concrete Powder
11%
minecraft:gray_shulker_box Gray Shulker Box
11%
minecraft:green_banner Green Banner
11%
minecraft:green_glazed_terracotta Green Glazed Terracotta
11%
minecraft:husk_spawn_egg Husk Spawn Egg
11%
minecraft:light_blue_banner Light Blue Banner
11%
minecraft:light_gray_concrete_powder Light Gray Concrete Powder
11%
minecraft:lime_concrete_powder Lime Concrete Powder
11%
minecraft:lime_glazed_terracotta Lime Glazed Terracotta
11%
minecraft:lime_shulker_box Lime Shulker Box
11%
minecraft:magenta_concrete_powder Magenta Concrete Powder
11%
minecraft:magma_cube_spawn_egg Magma Cube Spawn Egg
11%
minecraft:mossy_cobblestone_slab Mossy Cobblestone Slab
11%
minecraft:mossy_cobblestone_stairs Mossy Cobblestone Stairs
11%
minecraft:mule_spawn_egg Mule Spawn Egg
11%
minecraft:nether_brick_wall Nether Brick Wall
11%
minecraft:nether_wart_block Nether Wart Block
11%
minecraft:orange_shulker_box Orange Shulker Box
11%
minecraft:panda_spawn_egg Panda Spawn Egg
11%
minecraft:parrot_spawn_egg Parrot Spawn Egg
11%
minecraft:pink_glazed_terracotta Pink Glazed Terracotta
11%
minecraft:pink_shulker_box Pink Shulker Box
11%
minecraft:polished_blackstone Polished Blackstone
11%
minecraft:pufferfish_spawn_egg Pufferfish Spawn Egg
11%
minecraft:purple_glazed_terracotta Purple Glazed Terracotta
11%
minecraft:purple_shulker_box Purple Shulker Box
11%
minecraft:quartz_pillar Quartz Pillar
11%
minecraft:red_sandstone_slab Red Sandstone Slab
11%
minecraft:shulker_spawn_egg Shulker Spawn Egg
11%
minecraft:sign Sign
11%
minecraft:soul_campfire Soul Campfire
11%
minecraft:soul_lantern Soul Lantern
11%
minecraft:stonecutter Stonecutter
11%
minecraft:totem_of_undying Totem of Undying
11%
minecraft:tripwire Tripwire
11%
minecraft:vex_spawn_egg Vex Spawn Egg
11%
minecraft:vindicator_spawn_egg Vindicator Spawn Egg
11%
minecraft:warped_fence_gate Warped Fence Gate
11%
minecraft:warped_stem Warped Stem
11%
minecraft:warped_trapdoor Warped Trapdoor
11%
minecraft:white_shulker_box White Shulker Box
11%
minecraft:yellow_shulker_box Yellow Shulker Box
11%
minecraft:amethyst_shard Amethyst Shard
10%
minecraft:azalea Azalea
10%
minecraft:bat_spawn_egg Bat Spawn Egg
10%
minecraft:amethyst_block Block of Amethyst
10%
minecraft:brick_wall Brick Wall
10%
minecraft:brown_banner Brown Banner
10%
minecraft:candle Candle
10%
minecraft:conduit Conduit
10%
minecraft:crimson_button Crimson Button
10%
minecraft:crimson_stem Crimson Stem
10%
minecraft:cyan_banner Cyan Banner
10%
minecraft:cyan_glazed_terracotta Cyan Glazed Terracotta
10%
minecraft:cyan_shulker_box Cyan Shulker Box
10%
minecraft:dolphin_spawn_egg Dolphin Spawn Egg
10%
minecraft:donkey_spawn_egg Donkey Spawn Egg
10%
minecraft:evoker_spawn_egg Evoker Spawn Egg
10%
minecraft:gray_glazed_terracotta Gray Glazed Terracotta
10%
minecraft:grindstone Grindstone
10%
minecraft:guardian_spawn_egg Guardian Spawn Egg
10%
minecraft:light_blue_glazed_terracotta Light Blue Glazed Terracotta
10%
minecraft:light_blue_shulker_box Light Blue Shulker Box
10%
minecraft:light_gray_glazed_terracotta Light Gray Glazed Terracotta
10%
minecraft:light_gray_shulker_box Light Gray Shulker Box
10%
minecraft:lime_banner Lime Banner
10%
minecraft:lingering_potion Lingering Potion
10%
minecraft:llama_spawn_egg Llama Spawn Egg
10%
minecraft:magenta_banner Magenta Banner
10%
minecraft:magenta_shulker_box Magenta Shulker Box
10%
minecraft:furnace_minecart Minecart with Furnace
10%
minecraft:hopper_minecart Minecart with Hopper
10%
minecraft:tnt_minecart Minecart with TNT
10%
minecraft:moss_block Moss Block
10%
minecraft:mossy_cobblestone_wall Mossy Cobblestone Wall
10%
minecraft:mushroom_stem Mushroom Stem
10%
minecraft:polar_bear_spawn_egg Polar Bear Spawn Egg
10%
minecraft:quartz_stairs Quartz Stairs
10%
minecraft:rabbit_spawn_egg Rabbit Spawn Egg
10%
minecraft:ravager_spawn_egg Ravager Spawn Egg
10%
minecraft:sea_pickle Sea Pickle
10%
minecraft:silverfish_spawn_egg Silverfish Spawn Egg
10%
minecraft:smooth_red_sandstone Smooth Red Sandstone
10%
minecraft:spyglass Spyglass
10%
minecraft:squid_spawn_egg Squid Spawn Egg
10%
minecraft:suspicious_stew Suspicious Stew
10%
minecraft:turtle_spawn_egg Turtle Spawn Egg
10%
minecraft:warped_button Warped Button
10%
minecraft:witch_spawn_egg Witch Spawn Egg
10%
minecraft:blackstone_stairs Blackstone Stairs
9%
minecraft:blue_orchid Blue Orchid
9%
minecraft:brown_shulker_box Brown Shulker Box
9%
minecraft:cave_spider_spawn_egg Cave Spider Spawn Egg
9%
minecraft:cut_sandstone Cut Sandstone
9%
minecraft:deepslate_copper_ore Deepslate Copper Ore
9%
minecraft:dirt_path Dirt Path
9%
minecraft:elder_guardian_spawn_egg Elder Guardian Spawn Egg
9%
minecraft:map Empty Map
9%
minecraft:end_stone_brick_slab End Stone Brick Slab
9%
minecraft:end_stone_brick_stairs End Stone Brick Stairs
9%
minecraft:firework_rocket Firework Rocket
9%
minecraft:glow_berries Glow Berries
9%
minecraft:goat_spawn_egg Goat Spawn Egg
9%
minecraft:infested_cobblestone Infested Cobblestone
9%
minecraft:infested_stone_bricks Infested Stone Bricks
9%
minecraft:light_gray_banner Light Gray Banner
9%
minecraft:lilac Lilac
9%
minecraft:mossy_stone_brick_slab Mossy Stone Brick Slab
9%
minecraft:mossy_stone_brick_stairs Mossy Stone Brick Stairs
9%
minecraft:oxeye_daisy Oxeye Daisy
9%
minecraft:purpur_pillar Purpur Pillar
9%
minecraft:quartz_slab Quartz Slab
9%
minecraft:red_nether_bricks Red Nether Bricks
9%
minecraft:sandstone_wall Sandstone Wall
9%
minecraft:smooth_sandstone_slab Smooth Sandstone Slab
9%
minecraft:smooth_sandstone_stairs Smooth Sandstone Stairs
9%
minecraft:soul_fire Soul Fire
9%
minecraft:sweet_berries Sweet Berries
9%
minecraft:zoglin_spawn_egg Zoglin Spawn Egg
9%
minecraft:zombie_villager_spawn_egg Zombie Villager Spawn Egg
9%
minecraft:zombified_piglin_spawn_egg Zombified Piglin Spawn Egg
9%
minecraft:azure_bluet Azure Bluet
8%
minecraft:blackstone_slab Blackstone Slab
8%
minecraft:blackstone_wall Blackstone Wall
8%
minecraft:chorus_flower Chorus Flower
8%
minecraft:chorus_plant Chorus Plant
8%
minecraft:crimson_nylium Crimson Nylium
8%
minecraft:damaged_anvil Damaged Anvil
8%
minecraft:deepslate_bricks Deepslate Bricks
8%
minecraft:dragon_breath Dragon's Breath
8%
minecraft:gilded_blackstone Gilded Blackstone
8%
minecraft:mooshroom_spawn_egg Mooshroom Spawn Egg
8%
minecraft:name_tag Name Tag
8%
minecraft:nautilus_shell Nautilus Shell
8%
minecraft:peony Peony
8%
minecraft:phantom_spawn_egg Phantom Spawn Egg
8%
minecraft:piglin_brute_spawn_egg Piglin Brute Spawn Egg
8%
minecraft:prismarine_bricks Prismarine Bricks
8%
minecraft:prismarine_slab Prismarine Slab
8%
minecraft:prismarine_stairs Prismarine Stairs
8%
minecraft:spectral_arrow Spectral Arrow
8%
minecraft:stray_spawn_egg Stray Spawn Egg
8%
minecraft:tinted_glass Tinted Glass
8%
minecraft:allium Allium
7%
minecraft:azalea_leaves Azalea Leaves
7%
minecraft:chiseled_quartz_block Chiseled Quartz Block
7%
minecraft:crimson_hyphae Crimson Hyphae
7%
minecraft:crimson_pressure_plate Crimson Pressure Plate
7%
minecraft:crimson_sign Crimson Sign
7%
minecraft:dripstone_block Dripstone Block
7%
minecraft:glow_squid_spawn_egg Glow Squid Spawn Egg
7%
minecraft:grass_path Grass Path
7%
minecraft:heavy_weighted_pressure_plate Heavy Weighted Pressure Plate
7%
minecraft:infested_mossy_stone_bricks Infested Mossy Stone Bricks
7%
minecraft:light_weighted_pressure_plate Light Weighted Pressure Plate
7%
minecraft:lily_of_the_valley Lily of the Valley
7%
minecraft:moss_carpet Moss Carpet
7%
minecraft:mossy_stone_brick_wall Mossy Stone Brick Wall
7%
minecraft:phantom_membrane Phantom Membrane
7%
minecraft:polished_deepslate Polished Deepslate
7%
minecraft:repeating_command_block Repeating Command Block
7%
minecraft:rooted_dirt Rooted Dirt
7%
minecraft:scaffolding Scaffolding
7%
minecraft:scute Scute
7%
minecraft:skeleton_horse_spawn_egg Skeleton Horse Spawn Egg
7%
minecraft:strider_spawn_egg Strider Spawn Egg
7%
minecraft:structure_block Structure Block
7%
minecraft:wandering_trader_spawn_egg Wandering Trader Spawn Egg
7%
minecraft:warped_fungus Warped Fungus
7%
minecraft:warped_hyphae Warped Hyphae
7%
minecraft:warped_nylium Warped Nylium
7%
minecraft:warped_pressure_plate Warped Pressure Plate
7%
minecraft:brain_coral Brain Coral
6%
minecraft:chain_command_block Chain Command Block
6%
minecraft:chiseled_deepslate Chiseled Deepslate
6%
minecraft:cobbled_deepslate_slab Cobbled Deepslate Slab
6%
minecraft:cobbled_deepslate_stairs Cobbled Deepslate Stairs
6%
minecraft:cut_copper Cut Copper
6%
minecraft:cut_red_sandstone Cut Red Sandstone
6%
minecraft:dark_prismarine_stairs Dark Prismarine Stairs
6%
minecraft:deepslate_tiles Deepslate Tiles
6%
minecraft:end_stone_brick_wall End Stone Brick Wall
6%
minecraft:fire_coral Fire Coral
6%
minecraft:flowering_azalea Flowering Azalea
6%
minecraft:glow_item_frame Glow Item Frame
6%
minecraft:honeycomb_block Honeycomb Block
6%
minecraft:infested_cracked_stone_bricks Infested Cracked Stone Bricks
6%
minecraft:large_fern Large Fern
6%
minecraft:command_block_minecart Minecart with Command Block
6%
minecraft:petrified_oak_slab Petrified Oak Slab
6%
minecraft:prismarine_wall Prismarine Wall
6%
minecraft:red_nether_brick_slab Red Nether Brick Slab
6%
minecraft:red_nether_brick_stairs Red Nether Brick Stairs
6%
minecraft:red_sandstone_wall Red Sandstone Wall
6%
minecraft:respawn_anchor Respawn Anchor
6%
minecraft:shroomlight Shroomlight
6%
minecraft:smooth_basalt Smooth Basalt
6%
minecraft:smooth_quartz_slab Smooth Quartz Slab
6%
minecraft:smooth_quartz_stairs Smooth Quartz Stairs
6%
minecraft:structure_void Structure Void
6%
minecraft:target Target
6%
minecraft:tipped_arrow Tipped Arrow
6%
minecraft:tripwire_hook Tripwire Hook
6%
minecraft:warped_sign Warped Sign
6%
minecraft:potion{Potion:awkward} Awkward Potion
5%
minecraft:black_candle Black Candle
5%
minecraft:blue_candle Blue Candle
5%
minecraft:crimson_fungus Crimson Fungus
5%
minecraft:cut_copper_stairs Cut Copper Stairs
5%
minecraft:dark_prismarine_slab Dark Prismarine Slab
5%
minecraft:daylight_detector Daylight Detector
5%
minecraft:dead_brain_coral Dead Brain Coral
5%
minecraft:debug_stick Debug Stick
5%
minecraft:deepslate_brick_slab Deepslate Brick Slab
5%
minecraft:deepslate_brick_stairs Deepslate Brick Stairs
5%
minecraft:deepslate_tile_slab Deepslate Tile Slab
5%
minecraft:deepslate_tile_stairs Deepslate Tile Stairs
5%
minecraft:firework_star Firework Star
5%
minecraft:lodestone Lodestone
5%
minecraft:potion{Potion:mundane} Mundane Potion
5%
minecraft:orange_candle Orange Candle
5%
minecraft:polished_basalt Polished Basalt
5%
minecraft:polished_blackstone_slab Polished Blackstone Slab
5%
minecraft:polished_blackstone_stairs Polished Blackstone Stairs
5%
minecraft:popped_chorus_fruit Popped Chorus Fruit
5%
minecraft:purple_candle Purple Candle
5%
minecraft:red_candle Red Candle
5%
minecraft:red_nether_brick_wall Red Nether Brick Wall
5%
minecraft:small_dripleaf Small Dripleaf
5%
minecraft:smooth_red_sandstone_slab Smooth Red Sandstone Slab
5%
minecraft:smooth_red_sandstone_stairs Smooth Red Sandstone Stairs
5%
minecraft:white_candle White Candle
5%
minecraft:yellow_candle Yellow Candle
5%
minecraft:amethyst_cluster Amethyst Cluster
4%
minecraft:brain_coral_block Brain Coral Block
4%
minecraft:brain_coral_fan Brain Coral Fan
4%
minecraft:bubble_coral Bubble Coral
4%
minecraft:bubble_coral_fan Bubble Coral Fan
4%
minecraft:budding_amethyst Budding Amethyst
4%
minecraft:bundle Bundle
4%
minecraft:cactus_green Cactus Green
4%
minecraft:carrots Carrots
4%
minecraft:chipped_anvil Chipped Anvil
4%
minecraft:cobbled_deepslate_wall Cobbled Deepslate Wall
4%
minecraft:crimson_roots Crimson Roots
4%
minecraft:cut_copper_slab Cut Copper Slab
4%
minecraft:cut_sandstone_slab Cut Sandstone Slab
4%
minecraft:cyan_candle Cyan Candle
4%
minecraft:dead_bubble_coral Dead Bubble Coral
4%
minecraft:dead_fire_coral Dead Fire Coral
4%
minecraft:deepslate_brick_wall Deepslate Brick Wall
4%
minecraft:deepslate_tile_wall Deepslate Tile Wall
4%
minecraft:fire_coral_fan Fire Coral Fan
4%
minecraft:flowering_azalea_leaves Flowering Azalea Leaves
4%
minecraft:glistering_melon_slice Glistering Melon Slice
4%
minecraft:gray_candle Gray Candle
4%
minecraft:green_candle Green Candle
4%
minecraft:horn_coral Horn Coral
4%
minecraft:magenta_candle Magenta Candle
4%
minecraft:oxidized_copper Oxidized Copper
4%
minecraft:pink_candle Pink Candle
4%
minecraft:polished_blackstone_bricks Polished Blackstone Bricks
4%
minecraft:polished_blackstone_wall Polished Blackstone Wall
4%
minecraft:polished_deepslate_slab Polished Deepslate Slab
4%
minecraft:polished_deepslate_stairs Polished Deepslate Stairs
4%
minecraft:polished_deepslate_wall Polished Deepslate Wall
4%
minecraft:prismarine_brick_slab Prismarine Brick Slab
4%
minecraft:prismarine_brick_stairs Prismarine Brick Stairs
4%
minecraft:stripped_crimson_hyphae Stripped Crimson Hyphae
4%
minecraft:stripped_crimson_stem Stripped Crimson Stem
4%
minecraft:stripped_warped_hyphae Stripped Warped Hyphae
4%
minecraft:stripped_warped_stem Stripped Warped Stem
4%
minecraft:twisting_vines Twisting Vines
4%
minecraft:warped_fungus_on_a_stick Warped Fungus on a Stick
4%
minecraft:warped_roots Warped Roots
4%
minecraft:warped_wart_block Warped Wart Block
4%
minecraft:waxed_cut_copper Waxed Cut Copper
4%
minecraft:weeping_vines Weeping Vines
4%
minecraft:zombie_horse_spawn_egg Zombie Horse Spawn Egg
4%
minecraft:creeper_banner_pattern | minecraft:flower_banner_pattern | minecraft:globe_banner_pattern | +3 others Banner Pattern
3%
minecraft:big_dripleaf Big Dripleaf
3%
minecraft:brown_candle Brown Candle
3%
minecraft:bubble_coral_block Bubble Coral Block
3%
minecraft:chiseled_nether_bricks Chiseled Nether Bricks
3%
minecraft:cracked_deepslate_bricks Cracked Deepslate Bricks
3%
minecraft:dead_brain_coral_fan Dead Brain Coral Fan
3%
minecraft:dead_bubble_coral_fan Dead Bubble Coral Fan
3%
minecraft:dead_fire_coral_fan Dead Fire Coral Fan
3%
minecraft:dead_horn_coral Dead Horn Coral
3%
minecraft:dead_horn_coral_fan Dead Horn Coral Fan
3%
minecraft:dead_tube_coral Dead Tube Coral
3%
minecraft:dead_tube_coral_fan Dead Tube Coral Fan
3%
minecraft:fire_coral_block Fire Coral Block
3%
minecraft:glow_lichen Glow Lichen
3%
minecraft:potion{Potion:healing} Healing Potion
3%
minecraft:horn_coral_block Horn Coral Block
3%
minecraft:horn_coral_fan Horn Coral Fan
3%
minecraft:infested_chiseled_stone_bricks Infested Chiseled Stone Bricks
3%
minecraft:jigsaw Jigsaw Block
3%
minecraft:light_blue_candle Light Blue Candle
3%
minecraft:light_gray_candle Light Gray Candle
3%
minecraft:lime_candle Lime Candle
3%
minecraft:pointed_dripstone Pointed Dripstone
3%
minecraft:polished_blackstone_button Polished Blackstone Button
3%
minecraft:potatoes Potatoes
3%
minecraft:prismarine_crystals Prismarine Crystals
3%
minecraft:quartz_bricks Quartz Bricks
3%
minecraft:rose_red Rose Red
3%
minecraft:spore_blossom Spore Blossom
3%
minecraft:tall_seagrass Tall Seagrass
3%
minecraft:potion{Potion:thick} Thick Potion
3%
minecraft:trader_llama_spawn_egg Trader Llama Spawn Egg
3%
minecraft:tube_coral Tube Coral
3%
minecraft:tube_coral_fan Tube Coral Fan
3%
minecraft:waxed_weathered_cut_copper Waxed Weathered Cut Copper
3%
minecraft:written_book Written Book
3%
minecraft:zombie_pigman_spawn_egg Zombie Pigman Spawn Egg
3%
minecraft:amethyst_bud Amethyst Bud
2%
minecraft:music_disc_cat Cat Disc
2%
minecraft:cracked_deepslate_tiles Cracked Deepslate Tiles
2%
minecraft:cracked_nether_bricks Cracked Nether Bricks
2%
minecraft:cut_red_sandstone_slab Cut Red Sandstone Slab
2%
minecraft:dandelion_yellow Dandelion Yellow
2%
minecraft:dead_brain_coral_block Dead Brain Coral Block
2%
minecraft:dead_bubble_coral_block Dead Bubble Coral Block
2%
minecraft:dead_fire_coral_block Dead Fire Coral Block
2%
minecraft:dead_horn_coral_block Dead Horn Coral Block
2%
minecraft:end_gateway End Gateway
2%
minecraft:hanging_roots Hanging Roots
2%
minecraft:potion{Potion:harming} Harming Potion
2%
minecraft:melon_stem Melon Stem
2%
minecraft:nether_sprouts Nether Sprouts
2%
minecraft:oxidized_cut_copper Oxidized Cut Copper
2%
minecraft:polished_blackstone_brick_slab Polished Blackstone Brick Slab
2%
minecraft:polished_blackstone_brick_stairs Polished Blackstone Brick Stairs
2%
minecraft:polished_blackstone_brick_wall Polished Blackstone Brick Wall
2%
minecraft:polished_blackstone_pressure_plate Polished Blackstone Pressure Plate
2%
minecraft:powder_snow_bucket Powder Snow Bucket
2%
minecraft:pumpkin_stem Pumpkin Stem
2%
minecraft:sculk_sensor Sculk Sensor
2%
minecraft:tube_coral_block Tube Coral Block
2%
minecraft:waxed_copper_block Waxed Block of Copper
2%
minecraft:waxed_cut_copper_slab Waxed Cut Copper Slab
2%
minecraft:waxed_cut_copper_stairs Waxed Cut Copper Stairs
2%
minecraft:waxed_weathered_copper Waxed Weathered Copper
2%
minecraft:waxed_weathered_cut_copper_slab Waxed Weathered Cut Copper Slab
2%
minecraft:waxed_weathered_cut_copper_stairs Waxed Weathered Cut Copper Stairs
2%
minecraft:weathered_copper Weathered Copper
2%
minecraft:weathered_cut_copper Weathered Cut Copper
2%
minecraft:weathered_cut_copper_stairs Weathered Cut Copper Stairs
2%
minecraft:music_disc_11 11 Disc
1%
minecraft:music_disc_13 13 Disc
1%
minecraft:acacia_wall_sign Acacia Wall Sign
1%
minecraft:birch_wall_sign Birch Wall Sign
1%
minecraft:music_disc_blocks Blocks Disc
1%
minecraft:music_disc_chirp Chirp Disc
1%
minecraft:chiseled_polished_blackstone Chiseled Polished Blackstone
1%
minecraft:cracked_polished_blackstone_bricks Cracked Polished Blackstone Bricks
1%
minecraft:dark_oak_wall_sign Dark Oak Wall Sign
1%
minecraft:dead_tube_coral_block Dead Tube Coral Block
1%
minecraft:exposed_copper Exposed Copper
1%
minecraft:exposed_cut_copper Exposed Cut Copper
1%
minecraft:exposed_cut_copper_slab Exposed Cut Copper Slab
1%
minecraft:exposed_cut_copper_stairs Exposed Cut Copper Stairs
1%
minecraft:potion{Potion:fire_resistance} Fire Resistance Potion (3:00)
1%
minecraft:potion{Potion:long_fire_resistance} Fire Resistance Potion (8:00)
1%
minecraft:splash_potion{Potion:fire_resistance} Fire Resistance Splash (2:15) Potion
1%
minecraft:frosted_ice Frosted Ice
1%
minecraft:potion{Potion:strong_harming} Harming Potion II
1%
minecraft:potion{Potion:strong_healing} Healing Potion II
1%
minecraft:infested_deepslate Infested Deepslate
1%
minecraft:potion{Potion:invisibility} Invisibility Potion (3:00)
1%
minecraft:potion{Potion:long_invisibility} Invisibility Potion (8:00)
1%
minecraft:jungle_wall_sign Jungle Wall Sign
1%
minecraft:knowledge_book Knowledge Book
1%
minecraft:large_amethyst_bud Large Amethyst Bud
1%
minecraft:potion{Potion:leaping} Leaping Potion (3:00)
1%
minecraft:potion{Potion:strong_leaping} Leaping Potion II (1:30)
1%
minecraft:music_disc_mall Mall Disc
1%
minecraft:medium_amethyst_bud Medium Amethyst Bud
1%
minecraft:music_disc_mellohi Mellohi Disc
1%
minecraft:moving_piston Moving Piston
1%
minecraft:potion{Potion:night_vision} Night Vision Potion (3:00)
1%
minecraft:potion{Potion:long_night_vision} Night Vision Potion (8:00)
1%
minecraft:oak_wall_sign Oak Wall Sign
1%
minecraft:oxidized_cut_copper_slab Oxidized Cut Copper Slab
1%
minecraft:oxidized_cut_copper_stairs Oxidized Cut Copper Stairs
1%
minecraft:piston_head Piston Head
1%
minecraft:potion{Potion:poison} Poison Potion (0:45)
1%
minecraft:potion{Potion:long_slow_falling} Potion of Slow Falling (4:00)
1%
minecraft:redstone_wall_torch Redstone Wall Torch
1%
minecraft:potion{Potion:regeneration} Regeneration Potion (0:45)
1%
minecraft:potion{Potion:strong_regeneration} Regeneration Potion II (0:22)
1%
minecraft:small_amethyst_bud Small Amethyst Bud
1%
minecraft:splash_potion{Potion:slow_falling} Splash Slow Falling Potion (1:30)
1%
minecraft:spruce_wall_sign Spruce Wall Sign
1%
minecraft:music_disc_stal Stal Disc
1%
minecraft:music_disc_strad Strad Disc
1%
minecraft:potion{Potion:strength} Strength Potion (3:00)
1%
minecraft:potion{Potion:long_strength} Strength Potion (8:00)
1%
minecraft:potion{Potion:swiftness} Swiftness Potion (3:00)
1%
minecraft:potion{Potion:long_swiftness} Swiftness Potion (8:00)
1%
minecraft:music_disc_wait Wait Disc
1%
minecraft:wall_sign Wall Sign
1%
minecraft:wall_torch Wall Torch
1%
minecraft:music_disc_ward Ward Disc
1%
minecraft:potion{Potion:water_breathing} Water Breathing Potion (3:00)
1%
minecraft:potion{Potion:long_water_breathing} Water Breathing Potion (8:00)
1%
minecraft:splash_potion{Potion:long_water_breathing} Water Breathing Splash (6:00) Potion
1%
minecraft:waxed_exposed_cut_copper Waxed Exposed Cut Copper
1%
minecraft:waxed_exposed_cut_copper_slab Waxed Exposed Cut Copper Slab
1%
minecraft:waxed_exposed_cut_copper_stairs Waxed Exposed Cut Copper Stairs
1%
minecraft:waxed_oxidized_copper Waxed Oxidized Copper
1%
minecraft:waxed_oxidized_cut_copper Waxed Oxidized Cut Copper
1%
minecraft:waxed_oxidized_cut_copper_slab Waxed Oxidized Cut Copper Slab
1%
minecraft:waxed_oxidized_cut_copper_stairs Waxed Oxidized Cut Copper Stairs
1%
minecraft:weathered_cut_copper_slab Weathered Cut Copper Slab
1%
minecraft:crossbow_arrow Arrow Loaded Crossbow
0%
minecraft:brain_coral_wall_fan Brain Coral Wall Fan
0%
minecraft:broken_elytra Broken Elytra
0%
minecraft:bubble_coral_wall_fan Bubble Coral Wall Fan
0%
minecraft:crimson_wall_sign Crimson Wall Sign
0%
minecraft:dead_brain_coral_wall_fan Dead Brain Coral Wall Fan
0%
minecraft:dead_bubble_coral_wall_fan Dead Bubble Coral Wall Fan
0%
minecraft:dead_fire_coral_wall_fan Dead Fire Coral Wall Fan
0%
minecraft:dead_horn_coral_wall_fan Dead Horn Coral Wall Fan
0%
minecraft:dead_tube_coral_wall_fan Dead Tube Coral Wall Fan
0%
minecraft:music_disc_far Far Disc
0%
minecraft:bundle_filled Filled Bundle
0%
minecraft:fire_coral_wall_fan Fire Coral Wall Fan
0%
minecraft:splash_potion{Potion:long_fire_resistance} Fire Resistance Splash (6:00) Potion
0%
minecraft:crossbow_firework Firework Loaded Crossbow
0%
minecraft:splash_potion{Potion:strong_harming} Harming II Splash Potion
0%
minecraft:splash_potion{Potion:harming} Harming Splash Potion
0%
minecraft:splash_potion{Potion:strong_healing} Healing II Splash Potion
0%
minecraft:splash_potion{Potion:healing} Healing Splash Potion
0%
minecraft:horn_coral_wall_fan Horn Coral Wall Fan
0%
minecraft:splash_potion{Potion:invisibility} Invisibility Splash (2:15) Potion
0%
minecraft:splash_potion{Potion:long_invisibility} Invisibility Splash (6:00) Potion
0%
minecraft:kelp_plant Kelp Plant
0%
minecraft:splash_potion{Potion:strong_leaping} Leaping II Splash (1:07) Potion
0%
minecraft:splash_potion{Potion:leaping} Leaping Splash (2:15) Potion
0%
minecraft:splash_potion{Potion:night_vision} Night Vision Splash (2:15) Potion
0%
minecraft:splash_potion{Potion:long_night_vision} Night Vision Splash (6:00) Potion
0%
minecraft:splash_potion{Potion:strong_poison} Poison II Splash (0:16) Potion
0%
minecraft:splash_potion{Potion:strong_poison} Poison II Splash (0:45) Potion
0%
minecraft:potion{Potion:long_poison} Poison Potion (2:00)
0%
minecraft:potion{Potion:strong_poison} Poison Potion II (0:22)
0%
minecraft:potion{Potion:strong_poison} Poison Potion II (1:00)
0%
minecraft:splash_potion{Potion:poison} Poison Splash (0:33) Potion
0%
minecraft:splash_potion{Potion:long_poison} Poison Splash (1:30) Potion
0%
minecraft:potion{Potion:slow_falling} Potion of Slow Falling (1:30)
0%
minecraft:potion{Potion:turtle_master} Potion of the Turtle Master (0:20)
0%
minecraft:potion{Potion:long_turtle_master} Potion of the Turtle Master (0:40)
0%
minecraft:potion{Potion:strong_turtle_master} Potion of the Turtle Master II (0:20)
0%
minecraft:potted_crimson_fungus Potted Crimson Fungus
0%
minecraft:potted_crimson_roots Potted Crimson Roots
0%
minecraft:potted_warped_fungus Potted Warped Fungus
0%
minecraft:potted_warped_roots Potted Warped Roots
0%
minecraft:splash_potion{Potion:strong_regeneration} Regeneration II Splash (0:16) Potion
0%
minecraft:splash_potion{Potion:strong_regeneration} Regeneration II Splash (0:45) Potion
0%
minecraft:potion{Potion:long_regeneration} Regeneration Potion (2:00)
0%
minecraft:potion{Potion:strong_regeneration} Regeneration Potion II (1:00)
0%
minecraft:splash_potion{Potion:regeneration} Regeneration Splash (0:33) Potion
0%
minecraft:splash_potion{Potion:long_regeneration} Regeneration Splash (1:30) Potion
0%
minecraft:potion{Potion:slowness} Slowness Potion (1:30)
0%
minecraft:potion{Potion:long_slowness} Slowness Potion (4:00)
0%
minecraft:splash_potion{Potion:slowness} Slowness Splash (1:07) Potion
0%
minecraft:splash_potion{Potion:long_slowness} Slowness Splash (3:00) Potion
0%
minecraft:soul_wall_torch Soul Wall Torch
0%
minecraft:splash_potion{Potion:long_slow_falling} Splash Slow Falling Potion (4:00)
0%
minecraft:splash_potion{Potion:turtle_master} Splash Turtle Master Potion (0:20)
0%
minecraft:splash_potion{Potion:long_turtle_master} Splash Turtle Master Potion (0:40)
0%
minecraft:splash_potion{Potion:strong_turtle_master} Splash Turtle Master Potion II (0:20)
0%
minecraft:splash_potion{Potion:strong_poison} Strength II Splash (1:07) Potion
0%
minecraft:splash_potion{Potion:strong_strength} Strength II Splash (3:00) Potion
0%
minecraft:potion{Potion:strong_strength} Strength Potion II (1:30)
0%
minecraft:potion{Potion:strong_strength} Strength Potion II (4:00)
0%
minecraft:splash_potion{Potion:strength} Strength Splash (2:15) Potion
0%
minecraft:splash_potion{Potion:long_strength} Strength Splash (6:00) Potion
0%
minecraft:splash_potion{Potion:strong_swiftness} Swiftness II Splash (1:07) Potion
0%
minecraft:splash_potion{Potion:strong_swiftness} Swiftness II Splash (3:00) Potion
0%
minecraft:potion{Potion:strong_swiftness} Swiftness Potion II (1:30)
0%
minecraft:potion{Potion:strong_swiftness} Swiftness Potion II (4:00)
0%
minecraft:splash_potion{Potion:swiftness} Swiftness Splash (2:15) Potion
0%
minecraft:splash_potion{Potion:long_swiftness} Swiftness Splash (6:00) Potion
0%
minecraft:tube_coral_wall_fan Tube Coral Wall Fan
0%
minecraft:twisting_vines_plant Twisting Vines Plant
0%
minecraft:warped_wall_sign Warped Wall Sign
0%
minecraft:splash_potion{Potion:water_breathing} Water Breathing Splash (2:15) Potion
0%
minecraft:waxed_exposed_copper Waxed Exposed Copper
0%
minecraft:potion{Potion:weakness} Weakness Potion (1:30)
0%
minecraft:potion{Potion:long_weakness} Weakness Potion (4:00)
0%
minecraft:splash_potion{Potion:weakness} Weakness Splash (1:07) Potion
0%
minecraft:splash_potion{Potion:long_weakness} Weakness Splash (3:00) Potion
0%
minecraft:weeping_vines_plant Weeping Vines Plant
0%
No matching quizzes found
Score Distribution
Percent of People with Each Score
Percentile by Number Answered
Your Score History
You have not taken this quiz